El Salvador: Proceso de acumulación del capital industrial 1971-1975 /
Análisis del ciclo de capital industrial, con una visión de conjunto del proceso de acumulación de la industria salvadoreña 1971-1975. Expone cual es la dinámica de las principales variables que conforman la acumulación industrial de capital en sus dos momentos producción y circulación, y relaciona...
Gorde:
| Egile nagusia: | |
|---|---|
| Formatua: | Tesis |
| Argitaratua: |
San Salvador:
Universidad de El Salvador
|
| Gaiak: | |
| Etiketak: |
Etiketa erantsi
Etiketarik gabe, Izan zaitez lehena erregistro honi etiketa jartzen!
|
MARC
| LEADER | 00000 a a2200000 04500 | ||
|---|---|---|---|
| 001 | 20059 | ||
| 003 | |||
| 040 | |a CRAI/IIS |c CRAI/IIS | ||
| 090 | |a 08231.00 | ||
| 100 | |a Moreno Parada, Francisco Antonio | ||
| 245 | |a El Salvador: |b Proceso de acumulación del capital industrial 1971-1975 / |c Francisco Antonio Moreno Parada | ||
| 260 | |a San Salvador: |b Universidad de El Salvador | ||
| 300 | |a 121 páginas | ||
| 502 | |a Tesis (Licenciado en Sociología) -- Universidad de El Salvador. Facultad de Ciencias y Humanidades. Departamento de Ciencias Sociales, 1979 | ||
| 520 | |a Análisis del ciclo de capital industrial, con una visión de conjunto del proceso de acumulación de la industria salvadoreña 1971-1975. Expone cual es la dinámica de las principales variables que conforman la acumulación industrial de capital en sus dos momentos producción y circulación, y relaciona este proceso al proceso mayor de acumulación a escala mundial, del cual forma parte. Hace énfasis en las consecuencias que tiene sobre la fuerza de trabajo este modelo de acumulación./ACM | ||
| 650 | |a EL SALVADOR | ||
| 650 | |a DESARROLLO INDUSTRIAL | ||
| 650 | |a SECTOR INDUSTRIAL | ||
| 650 | |a CAPITAL INDUSTRIAL | ||
| 650 | |a CONCENTRACION DEL CAPITAL | ||
| 650 | |a CAPITALISMO | ||
| 650 | |a ACUMULACION DE CAPITAL | ||
| 999 | |c 18121 |d 18121 | ||
